Nammude Bhasha:Malayalam:bhashapatavali:ghattam 2 (Record no. 107559)

MARC details
000 -LEADER
fixed length control field 00460nam a2200133Ia 4500
008 - FIXED-LENGTH DATA ELEMENTS--GENERAL INFORMATION
fixed length control field 211119s9999||||xx |||||||||||||| ||und||
082 ## - DEWEY DECIMAL CLASSIFICATION NUMBER
Classification number 494.812
Item number LAN-N
100 ## - MAIN ENTRY--PERSONAL NAME
Personal name Languages, Central Institute Of Indian
245 #0 - TITLE STATEMENT
Title Nammude Bhasha:Malayalam:bhashapatavali:ghattam 2
260 ## - PUBLICATION, DISTRIBUTION, ETC.
Name of publisher, distributor, etc. Central Institute of Indian Languages
Place of publication, distribution, etc. Mysore
Date of publication, distribution, etc. 1974
300 ## - PHYSICAL DESCRIPTION
Extent 68p
650 ## - SUBJECT ADDED ENTRY--TOPICAL TERM
Topical term or geographic name entry element languages
942 ## - ADDED ENTRY ELEMENTS (KOHA)
Koha item type BOOK
650 ## - SUBJECT ADDED ENTRY--TOPICAL TERM
Form subdivision East Indo-European & Celtic languagesGeneralia
General subdivision General Stack
Holdings
Withdrawn status Lost status Damaged status Not for loan Home library Current library Date acquired Cost, normal purchase price Total Checkouts Full call number Barcode Shelving location Date last seen Price effective from Koha item type
        SB LIBRARY SB LIBRARY 19/11/2021 100.00   494.812 LAN-N 00120973 GENERAL STACK 19/11/2021 19/11/2021 BOOK

Powered by Koha